| 000 | 00711nam a2200241 a 4500 | ||
|---|---|---|---|
| 999 |
_c8658 _d8658 |
||
| 001 | 8658 | ||
| 003 | BD-JhCC | ||
| 005 | 20180301080307.0 | ||
| 008 | 180301s1985 bg a|||| ||a| 000 0 be d | ||
| 035 | _a(BD-JhCC)8658 | ||
| 040 |
_aBD-JhCC _dBD-JhCC |
||
| 041 | _aben | ||
| 082 |
_a617.7 _bMOT 1985 |
||
| 100 | _aমতিন,এম.এ | ||
| 245 |
_aচক্ষু চিকিৎসা / _cএম.এ.মতিন. |
||
| 260 |
_aঢাকা: _bবাংলা একাডেমী ; _c১৯৮৫ . |
||
| 300 |
_a১৯৪ P. : _bill; _c21 cm. |
||
| 651 | _aEays. | ||
| 651 | _aTreatment. | ||
| 700 | _aরহমান,ডাঃ মোঃমীজানুর | ||
| 942 |
_2lcc _cBK |
||